[Event "Kragero Resort A 2020"]
[Site "Kragero"]
[Date "2020.02.22"]
[Round "7.9"]
[White "Notkevich, Benjamin Arvola"]
[Black "Vijayalakshmi, Subbaraman"]
[Result "1-0"]
[WhiteElo "2495"]
[BlackElo "2331"]
[Annotator "TA"]
[PlyCount "157"]
[EventDate "2020.02.19"]
[EventType "swiss"]
[EventCountry "NOR"]
[SourceTitle "playchess.com"]
[Source "ChessBase"]
[SourceQuality "1"]

{[%evp 13,157,43,57,53,46,46,44,24,50,28,62,60,45,46,43,45,65,14,9,15,13,30,13,0,0,0,0,0,2,0,2,0,3,3,13,0,0,0,0,0,0,0,0,0,0,0,0,0,0,0,0,0,0,0,0,0,0,-40,-40,-39,-44,-44,-29,-48,-39,-135,207,207,202,200,209,206,201,139,203,207,206,206,298,279,302,300,352,353,405,276,238,229,413,412,521,485,429,409,12836,12837,12837,12838,12832,12835,12841,12841,12841,12841,12841,12842,12846,12847,12848,12848,12849,12847,12849,12847,12848,12846,12846,12847,12847,12845,12846,12845,12845,12847,12847,12847,12848,12847,12847,0,12848,12848,12849,12849,12850,12846,12846,12847,12850,12847,12848,12848,12849,12849,12850,12850]} 1. d4 g6 2. c4 Bg7 3. e4 d6 4. Nc3 Nc6 5. Be3 e5 6. Nge2 f5 7. exf5 gxf5 8. dxe5 {A42: Modern Defence: Averbakh Variation.} dxe5 9. Qxd8+ Nxd8 10. f4 {White is slightly better.} c6 11. g3 Ne7 12. fxe5 Ng6 13. O-O-O Nxe5 14. Nf4 Ng4 15. Bd4 ({Better is} 15. Bh3 $14) 15... Bxd4 $11 16. Rxd4 Ne6 17. Nxe6 Bxe6 18. Bd3 (18. c5 {with more complications.} O-O 19. Rb4 Rf7 20. Be2 Re7 21. Bxg4 fxg4 22. Re1) 18... Rd8 19. Rxd8+ Kxd8 20. Re1 Bd7 21. h4 Rg8 22. Kd2 Nf6 23. Ne2 Nh5 24. Rg1 Rg4 25. b3 h6 26. Bc2 Ke7 27. Bd1 Rg7 28. Ke3 Kd6 29. Kf3 c5 30. Bc2 Bc6+ 31. Kf2 Ke5 32. Re1 {Nf4+ is the strong threat.} Be4 33. Bxe4 fxe4 {[%mdl 4096] Endgame KRN-KRN} 34. Rd1 {Threatens to win with Rd5+.} Nf6 35. Nf4 Ng4+ 36. Ke2 {[#] And now Rd5+ would win.} Ne3 $1 {[%mdl 576] Discovered Attack} 37. Rd8 {Strongly threatening Nh5.} (37. Kxe3 Rxg3+) 37... Rxg3 38. Nh5 Rh3 39. Rd7 (39. Re8+ $15 Kd4 40. Rd8+ Ke5 41. Re8+ Kd4 42. Rd8+ Ke5) 39... Rxh4 $2 {[%mdl 8192]} (39... b6 $17 40. Kd2 a5) 40. Kxe3 $17 {KRN-KR. White stays focused until the end.} Rh3+ 41. Kf2 $1 {Black must now prevent Rd5+.} Rh2+ 42. Kg3 Rxa2 43. Rd5+ ({Don't do} 43. Rxb7 Ra3 $16) 43... Ke6 44. Nf4+ Ke7 45. Rxc5 Ra3 (45... b6 $142 46. Re5+ Kf6 47. Rxe4 Kf5) 46. Rb5 $18 b6 47. Kf2 Kd6 {Now ...Ra5 and Black clings on.} 48. Ke3 Kc6 49. Kxe4 a6 50. Rb4 h5 $2 (50... Ra1 51. Nd5 b5) 51. Nd5 b5 52. cxb5+ axb5 53. Nc3 h4 (53... Ra1 $142 54. Ne2 (54. Rxb5 Rc1 $11) 54... Kc5) 54. Kd3 h3 {[#]} 55. Kc2 $1 Ra1 56. Rh4 Rh1 57. b4 h2 58. Rh6+ Kb7 59. Kb2 Kb8 60. Rh7 Ka8 61. Nxb5 Kb8 62. Nc3 Ka8 63. Kb3 Kb8 64. Kc4 Ka8 65. b5 Kb8 66. Kd3 Kc8 67. Kd2 Kb8 68. Kc2 Kc8 69. Kb2 Kb8 70. Kb3 Kc8 71. Kb2 Kb8 $1 72. Na4 {White is clearly winning.} Kc8 73. b6 {[%cal Bb5b6,Bb6b7][%mdl 32] Nc5 would kill now.} Rg1 74. b7+ Kb8 {[#]} 75. Nc5 $1 {[%cal Rc5a6] White wants to mate with Na6+.} Ka7 76. Rh8 {[%csl Gh8][%cal Rb7b8]} Rg2+ 77. Kb3 {[%csl Gh8][%cal Rb7b8]} Rg3+ 78. Kb4 {[%csl Gh8][%cal Rb7b8]} Rg4+ 79. Ka5 {Accuracy: White = 91%, Black = 78%.} 1-0

[Event "Kragero Resort A 2020"]
[Site "Kragero"]
[Date "2020.02.22"]
[Round "7.10"]
[White "Castellanos Rodriguez, Renier"]
[Black "Van Dael, Siem"]
[Result "1-0"]
[WhiteElo "2481"]
[BlackElo "2257"]
[Annotator "TA"]
[PlyCount "129"]
[EventDate "2020.02.19"]
[EventType "swiss"]
[EventCountry "NOR"]
[SourceTitle "playchess.com"]
[Source "ChessBase"]
[SourceQuality "1"]

{[%evp 9,129,23,23,11,39,33,33,22,37,21,37,15,25,18,8,8,13,5,22,5,11,10,66,11,13,10,43,47,65,46,134,124,204,212,258,202,260,231,221,185,181,181,191,199,176,179,165,136,146,136,136,142,135,137,215,204,179,123,128,128,124,113,123,120,121,125,138,137,155,135,158,98,79,90,141,150,178,167,169,129,135,129,137,137,190,187,290,185,178,185,185,144,135,150,279,262,269,269,450,171,381,364,558,190,190,204,204,190,195,95,95,95,95,95,2026,2020,29970,29969,5647,29974,29973,29974]} 1. e4 e5 2. Nf3 Nc6 3. Bb5 Nf6 4. d3 Ne7 5. O-O c6 6. Ba4 {C65: Ruy Lopez: Berlin Defence (3...Nf6), unusual lines and 4 0-0 Bc5.} d6 7. c3 Ng6 8. Re1 {White is slightly better.} Be7 9. d4 O-O 10. Nbd2 Re8 11. Nf1 exd4 {[#]} 12. cxd4 $146 ({Predecessor:} 12. Nxd4 Bg4 13. f3 Bd7 14. Bc2 Bf8 15. Bg5 h6 16. Bxf6 Qxf6 17. Qd2 Rad8 18. Rad1 {½-½ (25) Geana,D (2284)-Rosenhoefer,T (2295) ICCF email 2018}) 12... d5 13. e5 Ne4 14. Bb3 Be6 15. Ng3 Bb4 (15... Nxg3 $11 16. hxg3 Nf8) 16. Re2 ({Better is} 16. Rxe4 $14 dxe4 17. Ng5) 16... Nxg3 $11 17. hxg3 f6 18. Bc2 Bf7 19. Qd3 c5 (19... Nf8 $14) 20. a3 $16 Ba5 (20... c4 $16 21. Qf5 Be6) 21. dxc5 $18 fxe5 22. Ng5 Qd7 23. b4 Bc7 24. Nxf7 Qxf7 25. Bb3 Rad8 26. Bg5 Ne7 27. Rd1 Kh8 28. Qf3 Qxf3 29. gxf3 h6 30. Bxe7 Rxe7 31. Rxd5 Red7 (31... Rxd5 $16 {was necessary.} 32. Bxd5 b6) 32. Rxd7 Rxd7 {[%mdl 4096] Endgame KRB-KRB} 33. Bc2 (33. f4 $18) 33... g5 34. Be4 b6 35. Rc2 Kg7 36. Kg2 bxc5 37. bxc5 Rd8 38. g4 Kf6 39. Rc1 Rb8 40. Rc4 ({White should play} 40. Kf1) 40... Rb3 $16 41. a4 Rb8 (41... a5 $142) 42. Rc1 Rd8 43. Rh1 Kg7 44. Rb1 {Black must now prevent Rb7.} Rb8 45. Bb7 Kf6 46. Kf1 Rd8 {[#]} (46... Bd8 $16 47. Rb5 Be7) 47. Ke2 $1 $18 Kg7 (47... e4 {keeps fighting.} 48. fxe4 (48. Bxe4 Rb8 $18) 48... Rb8) 48. Bc6 {aiming for Rb7.} Rb8 49. Rd1 Rd8 50. Bd5 Kf6 51. Ke3 Kg7 {[#]} (51... Ba5 $16 {was called for.} 52. Ke4 Rb8) 52. Ke4 $1 Kf6 53. Rh1 Kg7 $2 (53... Rh8 {was worth a try.} 54. Bc6 Ba5) 54. a5 $2 (54. Rb1 Rb8 55. Rxb8 Bxb8 56. Bc4) 54... Rf8 $2 (54... Rb8 55. Kf5 Bxa5) 55. Rb1 {And now Rb7 would win.} Rb8 (55... Bxa5 $142 56. Rb7+ (56. Kxe5 Re8+ 57. Kd4 Be1 $16) 56... Kf6 57. Rxa7 Be1) 56. Bb7 $2 (56. Rxb8 {Rb7! would kill now.} Bxb8 57. Bc4) 56... Rd8 57. a6 {Hoping for Bd5.} Kf6 58. Bd5 {Rb7 is the strong threat.} Rb8 59. Rxb8 (59. Rh1 $18 {has better winning chances.}) 59... Bxb8 {KB-KB} 60. Bg8 {Threatens to win with Kd5.} Bc7 61. Kd5 {Strongly threatening Kc6.} Ke7 $2 {[%mdl 8192] Now Black is done in.} (61... Ba5 $16 62. Kd6 Bb4) 62. Kc6 Kd8 63. Kb7 Ba5 64. c6 e4 65. fxe4 {Accuracy: White = 72%, Black = 53%.} 1-0

[Event "Kragero Resort A 2020"]
[Site "Kragero"]
[Date "2020.02.22"]
[Round "7.11"]
[White "Mikalsen, Erlend"]
[Black "Haldorsen, Benjamin"]
[Result "1-0"]
[WhiteElo "2364"]
[BlackElo "2462"]
[Annotator "TA"]
[PlyCount "93"]
[EventDate "2020.02.19"]
[EventType "swiss"]
[EventCountry "NOR"]
[SourceTitle "playchess.com"]
[Source "ChessBase"]
[SourceQuality "1"]

{[%evp 17,93,17,25,23,25,17,25,22,27,27,13,14,23,23,14,0,0,-4,-6,-23,0,-19,52,47,47,44,47,47,55,47,47,36,52,51,61,43,59,55,55,51,119,45,106,110,205,206,249,249,249,248,241,226,362,179,107,87,560,536,589,483,12794,12794,2696,2066,29983,29981,29981,29982,29986,29987,29992,29993,29993,29994,29994,29995,29995,29996]} 1. e4 e5 2. Nf3 Nc6 3. Bb5 Nf6 4. O-O Nxe4 5. d4 Nd6 6. Bxc6 dxc6 7. dxe5 Nf5 8. Qxd8+ Kxd8 9. Nc3 {9.h3 is the hot move. Played by Alireza Firouzja in February 2020.} Be7 10. h3 {C67: Ruy Lopez: Berlin Defence: 4 0-0 Nxe4.} Nh4 11. Nxh4 Bxh4 12. Be3 {White has an edge.} h5 13. Rad1+ Ke8 $1 14. Ne2 Be7 15. f4 f5 16. exf6 gxf6 17. f5 Kf7 {[#]} 18. Nd4 $146 ({Predecessor:} 18. Rd2 a5 19. a4 h4 20. Kh2 Rh5 21. g4 hxg3+ 22. Nxg3 Rh4 23. Rf4 Rxf4 24. Bxf4 {½-½ (32) Vachier Lagrave,M (2780)-Karjakin,S (2760) Batumi 2018}) 18... Rd8 19. Rde1 Bc5 (19... Bd6 $11) 20. Ne6 $1 $36 {[%cal Re6d8][%mdl 2048] White fights for an advantage.} Bxe3+ 21. Rxe3 Bxe6 22. fxe6+ {[%mdl 4096] Endgame KRR-KRR} Ke7 23. Ref3 Rd2 24. Rxf6 Rg8 25. Rf7+ Kxe6 26. R1f6+ Ke5 27. Rf2 $1 {[%cal Rf2d2]} Rxf2 28. Kxf2 {KR-KR} Rd8 ({Black should play} 28... Kd6 $14) 29. Ke3 ({Better is} 29. Rxc7 $16 {And now Ke2 would win.} Rd2+ 30. Kf3) 29... Rg8 (29... Kd6 $14) 30. Kf3 $1 $16 (30. Rxc7 $6 Rxg2 31. Re7+ (31. Rxb7 Rxc2 32. Rxa7 Rxb2 $11) 31... Kd6 $11) 30... Rd8 {[#]} (30... Kd6 $16 {was necessary.}) 31. Rh7 $1 $18 ({Resist} 31. Rxc7 Rd2) 31... Rd2 32. Rxh5+ ({But not} 32. Rxc7 $6 Rxc2 33. Rxb7 h4 $16) 32... Kd6 33. g4 Rxc2 34. g5 Rxb2 (34... Ke6 $142 35. Rh7 Rxb2) 35. h4 (35. g6 $142 {Black must now prevent g7.} Ke7 36. Rf5) 35... Ke6 {[#]} (35... Ke5 $18) 36. Rh6+ $1 $16 Kf7 $2 {[%mdl 8192] Black cannot hold the game after this.} (36... Ke5 $16) 37. h5 $18 Rxa2 38. Rh7+ Kg8 (38... Ke6 $142 39. g6 (39. Rxc7 Ra3+ 40. Kf4 Ra4+ 41. Kg3 Ra3+ 42. Kg2 Ra2+ 43. Kh3 Ra3+ 44. Kh4 Ra4+ 45. Kg3 Ra3+ 46. Kh4 Ra4+ 47. Kh3 Ra3+ 48. Kh4 $11) 39... Rh2) 39. Rxc7 Rh2 40. h6 b5 41. Kg4 {White mates.} b4 42. Kf5 a5 43. Rc8+ Kh7 44. g6+ Kxh6 45. Rh8+ Kg7 46. Rxh2 b3 47. Rh7+ {Accuracy: White = 88%, Black = 51%.} 1-0

[Event "Kragero Resort A 2020"]
[Site "Kragero"]
[Date "2020.02.22"]
[Round "7.12"]
[White "Altarbosh, Ward"]
[Black "Haug, Johannes"]
[Result "1-0"]
[WhiteElo "2149"]
[BlackElo "2426"]
[Annotator "ChessBase"]
[PlyCount "141"]
[EventDate "2020.02.19"]
[EventType "swiss"]
[EventCountry "NOR"]
[SourceTitle "playchess.com"]
[Source "ChessBase"]
[SourceQuality "1"]
[TimeControl "5400+30"]

1. e4 {[%emt 0:04:06]} c6 {[%emt 0:00:00]} 2. Nf3 {[%emt 0:00:11]} d5 {[%emt 0:00:00]} 3. Nc3 {[%emt 0:00:04]} Nf6 {[%emt 0:00:00]} 4. e5 {[%emt 0:00:11]} Ne4 {[%emt 0:00:00]} 5. Ne2 {[%emt 0:00:00]} Qb6 {[%emt 0:00:32]} 6. d4 {[%emt 0:00:05]} e6 {[%emt 0:00:10]} 7. Ng3 {[%emt 0:00:05]} c5 {[%emt 0:00:17]} 8. c3 {[%emt 0:00:25]} Nc6 {[%emt 0:00:52]} 9. Bd3 {[%emt 0:00:07]} Nxg3 {[%emt 0:00:45]} 10. hxg3 {[%emt 0:00:06]} cxd4 {[%emt 0:00:06]} 11. cxd4 {[%emt 0:00:05]} Bd7 {[%emt 0:00:13]} 12. Kf1 {[%emt 0:00:07]} h6 {[%emt 0:00:50]} 13. g4 {[%emt 0:05:34]} Nb4 {[%emt 0:00:00]} 14. Be2 {[%emt 0:00:16]} Rc8 {[%emt 0:00:21]} 15. Bd2 {[%emt 0:01:34]} Nc2 {[%emt 0:00:11]} 16. Rb1 {[%emt 0:01:54]} Bb5 {[%emt 0:02:01]} 17. Bc3 {[%emt 0:07:37]} Nb4 {[%emt 0:00:57]} 18. a3 {[%emt 0:03:39]} Nc6 {[%emt 0:23:37]} 19. g5 {[%emt 0:02:41]} g6 {[%emt 0:11:44]} 20. Qd2 {[%emt 0:05:02]} h5 {[%emt 0:03:11]} 21. g4 {[%emt 0:01:42]} Be7 {[%emt 0:11:26]} 22. gxh5 {[%emt 0:00:49]} gxh5 {[%emt 0:00:36]} 23. Bxb5 {[%emt 0:00:10]} Qxb5+ {[%emt 0:00:05]} 24. Kg2 {[%emt 0:00:02]} Kd7 {[%emt 0:02:23]} 25. Rh4 {[%emt 0:00:08]} Bxa3 {[%emt 0:03:44]} 26. Rbh1 {[%emt 0:00:14]} Be7 {[%emt 0:00:48]} 27. Rxh5 {[%emt 0:00:04]} Rhg8 {[%emt 0:00:41]} 28. Rh7 {[%emt 0:00:12]} Rcf8 {[%emt 0:00:20]} 29. Qf4 {[%emt 0:00:37]} Ke8 {[%emt 0:02:24]} 30. R7h3 {[%emt 0:07:03]} Qe2 {[%emt 0:07:33]} 31. Rg3 {[%emt 0:05:09]} a5 {[%emt 0:00:00]} 32. Ra1 {[%emt 0:01:54]} b6 {[%emt 0:00:00]} 33. Re1 {[%emt 0:01:21]} Qa6 {[%emt 0:01:12]} 34. Qd2 {[%emt 0:17:44]} a4 {[%emt 0:03:19]} 35. Qc2 {[%emt 0:00:01]} Kd7 {[%emt 0:00:54]} 36. Bd2 {[%emt 0:00:10]} b5 {[%emt 0:02:16]} 37. Ra1 {[%emt 0:01:15]} Rg7 {[%emt 0:05:11]} 38. Be3 {[%emt 0:06:13]} Ra8 {[%emt 0:02:56]} 39. Ne1 {[%emt 0:01:01]} Na5 {[%emt 0:00:52]} 40. Nd3 {[%emt 0:01:32]} Nc4 {[%emt 0:01:44]} 41. Qe2 {[%emt 0:01:04]} Qc6 {[%emt 0:01:18]} 42. f4 {[%emt 0:02:52]} Nxe3+ {[%emt 0:06:06]} 43. Rxe3 {[%emt 0:05:17]} Qc4 {[%emt 0:01:03]} 44. Rc1 {[%emt 0:03:42]} Qxd4 {[%emt 0:05:44]} 45. Nc5+ {[%emt 0:08:49]} Ke8 {[%emt 0:00:00]} 46. Qxb5+ {[%emt 0:00:21]} Kf8 {[%emt 0:00:00]} 47. Rcc3 {[%emt 0:03:04]} Kg8 {[%emt 0:04:50]} 48. Nxe6 {[%emt 0:03:45]} fxe6 {[%emt 0:00:00]} 49. Qc6 {[%emt 0:00:54]} Qd2+ {[%emt 0:00:00]} 50. Kf1 {[%emt 0:02:34]} Qd1+ {[%emt 0:00:00]} 51. Re1 {[%emt 0:00:45]} Qg4 {[%emt 0:00:00]} 52. Qxa8+ {[%emt 0:00:08]} Kf7 {[%emt 0:00:00]} 53. Qh8 {[%emt 0:01:23]} Qxf4+ {[%emt 0:00:00]} 54. Ke2 {[%emt 0:00:01]} Qxe5+ {[%emt 0:01:31]} 55. Kd1 {[%emt 0:00:10]} Qd4+ {[%emt 0:00:48]} 56. Kc1 {[%emt 0:01:24]} Bxg5+ {[%emt 0:01:53]} 57. Kb1 {[%emt 0:00:00]} Bf4 {[%emt 0:00:20]} 58. Rf1 {[%emt 0:00:36]} Kg6 {[%emt 0:00:41]} 59. Qe8+ {[%emt 0:00:37]} Kg5 {[%emt 0:00:25]} 60. Qxe6 {[%emt 0:00:44]} Rb7 {[%emt 0:00:36]} 61. Qg8+ {[%emt 0:00:28]} Rg7 {[%emt 0:00:30]} 62. Qd8+ {[%emt 0:00:19]} Kg4 {[%emt 0:00:25]} 63. Qc8+ {[%emt 0:00:05]} Kg5 {[%emt 0:00:01]} 64. Qe6 {[%emt 0:00:33]} Rg6 {[%emt 0:01:20]} 65. Qe7+ {[%emt 0:00:24]} Kg4 {[%emt 0:00:00]} 66. Qe2+ {[%emt 0:00:08]} Kf5 {[%emt 0:01:25]} 67. Qh5+ {[%emt 0:01:09]} Rg5 {[%emt 0:00:00]} 68. Qh7+ {[%emt 0:00:43]} Ke6 {[%emt 0:00:21]} 69. Rc6+ {[%emt 0:00:23]} Ke5 {[%emt 0:00:21]} 70. Qe7+ {[%emt 0:00:01]} Kf5 {[%emt 0:00:03]} 71. Qe6# {[%emt 0:00:03]} 1-0

[Event "Kragero Resort A 2020"]
[Site "Kragero"]
[Date "2020.02.22"]
[Round "7.13"]
[White "Shehzad, Shazil"]
[Black "Tryggestad, Andreas Garberg"]
[Result "1-0"]
[WhiteElo "2144"]
[BlackElo "2380"]
[Annotator "ChessBase"]
[PlyCount "63"]
[EventDate "2020.02.19"]
[EventType "swiss"]
[EventCountry "NOR"]
[SourceTitle "playchess.com"]
[Source "ChessBase"]
[SourceQuality "1"]
[TimeControl "5400+30"]

1. e4 {[%emt 0:00:00]} c5 {[%emt 0:00:00]} 2. Nf3 {[%emt 0:00:00]} e6 {[%emt 0:00:00]} 3. d4 {[%emt 0:00:00]} cxd4 {[%emt 0:00:00]} 4. Nxd4 {[%emt 0:00:00]} Nc6 {[%emt 0:00:00]} 5. Nc3 {[%emt 0:00:08]} Qc7 {[%emt 0:00:03]} 6. Be3 {[%emt 0:00:31]} Nf6 {[%emt 0:00:06]} 7. a3 {[%emt 0:00:22]} Be7 {[%emt 0:00:38]} 8. f4 {[%emt 0:03:21]} d6 {[%emt 0:01:51]} 9. Qf3 {[%emt 0:00:37]} O-O {[%emt 0:00:46]} 10. O-O-O {[%emt 0:00:55]} Nxd4 {[%emt 0:00:51]} 11. Bxd4 {[%emt 0:00:36]} b6 {[%emt 0:04:49]} 12. Nb5 {[%emt 0:07:27]} Qc6 {[%emt 0:06:07]} 13. Bxf6 {[%emt 0:00:41]} gxf6 {[%emt 0:02:55]} 14. Bd3 {[%emt 0:02:35]} Ba6 {[%emt 0:03:25]} 15. Nd4 {[%emt 0:04:18]} Qb7 {[%emt 0:00:54]} 16. Bxa6 {[%emt 0:00:58]} Qxa6 {[%emt 0:00:02]} 17. f5 {[%emt 0:04:22]} e5 {[%emt 0:01:06]} 18. Nc6 {[%emt 0:01:19]} Rfe8 {[%emt 0:05:43]} 19. Rd3 {[%emt 0:02:18]} Bf8 {[%emt 0:03:25]} 20. Nb4 {[%emt 0:04:46]} Qa4 {[%emt 0:02:35]} 21. Nd5 {[%emt 0:05:33]} Bg7 {[%emt 0:00:24]} 22. h4 {[%emt 0:03:19]} Rac8 {[%emt 0:00:47]} 23. c3 {[%emt 0:01:55]} Rc5 {[%emt 0:05:26]} 24. g4 {[%emt 0:02:15]} Qb3 {[%emt 0:01:24]} 25. Kb1 {[%emt 0:08:18]} Ra5 {[%emt 0:06:40]} 26. c4 {[%emt 0:02:27]} Qxc4 {[%emt 0:00:12]} 27. Rc1 {[%emt 0:00:40]} Qa4 {[%emt 0:00:21]} 28. g5 {[%emt 0:01:24]} Kh8 {[%emt 0:01:43]} 29. Qg4 {[%emt 0:07:49]} Rc5 {[%emt 0:00:55]} 30. Rxc5 {[%emt 0:00:57]} bxc5 {[%emt 0:00:03]} 31. gxf6 {[%emt 0:00:34]} Bh6 {[%emt 0:00:20]} 32. Rg3 {[%emt 0:00:16]} 1-0

[Event "Kragero Resort A 2020"]
[Site "Kragero"]
[Date "2020.02.22"]
[Round "7.14"]
[White "Postny, Evgeny"]
[Black "Storme, Isak"]
[Result "1-0"]
[WhiteElo "2611"]
[BlackElo "2314"]
[Annotator "TA"]
[PlyCount "142"]
[EventDate "2020.02.19"]
[EventType "swiss"]
[EventCountry "NOR"]
[SourceTitle "playchess.com"]
[Source "ChessBase"]
[SourceQuality "1"]

{[%evp 18,142,13,-12,18,15,27,36,33,36,35,-6,18,14,21,17,16,22,39,27,239,232,233,235,234,227,222,213,232,163,146,147,191,194,211,197,177,189,187,193,210,197,206,217,568,571,555,548,506,444,462,424,498,488,552,486,505,533,671,670,668,676,660,638,692,623,685,671,648,506,473,489,516,340,554,553,515,413,413,413,827,824,1027,976,1290,1243,2634,2294,6418,5281,29990,29984,29979,29975,29974,29974,29972,29975,29975,29977,29976,29978,29978,29978,29977,29975,29982,29983,29983,29984,29984,29983,29985,29984,29984,29985,29985,29986,29986,29987,29987,29988,29988,29989,29990,29991,29991]} 1. d4 Nf6 2. c4 e6 3. Nf3 d5 4. g3 Be7 5. Bg2 O-O 6. Qc2 c5 7. O-O cxd4 8. Nxd4 Nc6 9. Nxc6 bxc6 10. b3 Qb6 {E06: Closed Catalan: Early deviations.} 11. Nc3 {[#]} dxc4 $146 ({Predecessor:} 11... Ba6 12. Na4 Qb7 13. Be3 Nd7 14. Rfd1 Rfd8 15. Rab1 h6 16. Bd2 Nf6 17. Ba5 Re8 18. Nc3 Bd8 19. Bxd8 Raxd8 {½-½ (53) Grischuk,A (2779)-Bacrot,E (2725) Thessaloniki 2013}) 12. Na4 {[%cal Bc3a4,Ba4b2,Bb2d3][%mdl 32]} Qa6 {White is slightly better.} 13. bxc4 Rb8 14. a3 Bd7 15. Bf4 Rbc8 16. Nb2 c5 17. Rab1 Bd6 18. Nd3 $36 {[%mdl 2048] White has some pressure.} Bc6 $2 {Black cannot hold the game after this.} (18... Rc7 $11) 19. Bxd6 $18 Bxg2 20. Bxf8 (20. Kxg2 Qxd6 21. f3 e5 $14) ({And not} 20. Bxc5 Bxf1 21. Bxf8 Bxe2 $11) 20... Bxf1 {[#]} 21. Bxg7 $1 ({Inferior is} 21. Kxf1 Kxf8 22. Rb3 Ne8 $11) ({Don't do} 21. Bxc5 $6 Bh3 $16) 21... Kxg7 22. Kxf1 Qxa3 23. Rb7 Qa1+ {[#]} 24. Kg2 $1 Qa6 25. Qb2 Qc6+ 26. f3 {aiming for Ne5!} Rc7 27. Rxc7 Qxc7 28. g4 {Black must now prevent g5.} h6 29. h4 {Strongly threatening g5.} Kg6 30. e3 {And now Nf4+ would win.} Qd8 $2 (30... e5 31. Nxe5+ Kh7) 31. Ne5+ Kh7 32. Nxf7 Qe7 33. Ne5 a5 34. Nc6 Qf7 35. Nxa5 Qg6 36. Kg3 Nh5+ 37. Kf2 Ng7 38. Nc6 Qd3 39. Ne5 Qd1 40. Qe2 Qh1 {With the idea ...Qh2+.} 41. Kg3 Qa1 42. Kf4 Qh1 43. Qf2 Qb1 {If Black can now play ...Nh5+ this consolidates a bit.} 44. Kg3 Qc1 45. Kg2 Qa1 $2 (45... Qc3 46. Nd7 h5) 46. Qc2+ Kg8 47. Nd3 h5 48. Nxc5 hxg4 (48... Qe1 $142 49. Qd3 Qxh4) 49. fxg4 Qe1 50. Qf2 Qd1 51. Qf3 Qc2+ 52. Kh3 Qxc4 53. Nd7 {Qf8+ would kill now.} Kh7 54. Nf6+ {White mates.} Kg6 55. Qe4+ Qxe4 56. Nxe4 {[%mdl 4096] Endgame KN-KN} Ne8 57. h5+ Kg7 58. g5 Nc7 59. Nf6 Nb5 60. Kg4 Nd6 61. e4 e5 62. h6+ Kg6 63. Nd7 Nxe4 64. Nxe5+ Kh7 65. Kf5 Nd6+ 66. Kf4 Nb5 67. Kg4 Nd4 68. Kh5 Ne6 69. g6+ Kg8 70. Kg4 Kf8 71. Kf5 Nd4+ {Accuracy: White = 90%, Black = 56%.} 1-0

[Event "Kragero Resort A 2020"]
[Site "Kragero"]
[Date "2020.02.22"]
[Round "7.15"]
[White "Gretarsson, Helgi Ass"]
[Black "Radeva, Viktoria"]
[Result "1/2-1/2"]
[WhiteElo "2403"]
[BlackElo "2320"]
[Annotator "ChessBase"]
[PlyCount "74"]
[EventDate "2020.02.19"]
[EventType "swiss"]
[EventCountry "NOR"]
[SourceTitle "playchess.com"]
[Source "ChessBase"]
[SourceQuality "1"]
[TimeControl "5400+30"]

1. Nf3 {[%emt 0:00:00]} d5 {[%emt 0:03:25]} 2. g3 {[%emt 0:00:00]} c6 {[%emt 0:00:06]} 3. Bg2 {[%emt 0:00:00]} Bg4 {[%emt 0:00:14]} 4. O-O {[%emt 0:00:00]} Nd7 {[%emt 0:00:10]} 5. h3 {[%emt 0:00:00]} Bxf3 {[%emt 0:02:45]} 6. Bxf3 {[%emt 0:00:00]} Ngf6 {[%emt 0:00:51]} 7. d3 {[%emt 0:02:22]} e5 {[%emt 0:02:12]} 8. Nd2 {[%emt 0:00:09]} Bd6 {[%emt 0:02:40]} 9. e4 {[%emt 0:00:13]} O-O {[%emt 0:00:50]} 10. Bg2 {[%emt 0:13:23]} Qc7 {[%emt 0:01:46]} 11. a4 {[%emt 0:00:23]} Rfe8 {[%emt 0:04:10]} 12. g4 {[%emt 0:06:10]} dxe4 {[%emt 0:07:55]} 13. g5 {[%emt 0:00:12]} Nd5 {[%emt 0:00:35]} 14. Nxe4 {[%emt 0:00:05]} Nf8 {[%emt 0:07:56]} 15. Be3 {[%emt 0:33:09]} Ne6 {[%emt 0:05:43]} 16. a5 {[%emt 0:00:19]} Ndf4 {[%emt 0:04:38]} 17. Qg4 {[%emt 0:01:23]} Kh8 {[%emt 0:07:43]} 18. Ra4 {[%emt 0:01:36]} Rf8 {[%emt 0:08:13]} 19. Kh1 {[%emt 0:12:28]} Be7 {[%emt 0:05:16]} 20. Bf3 {[%emt 0:07:50]} f5 {[%emt 0:04:08]} 21. gxf6 {[%emt 0:00:05]} gxf6 {[%emt 0:00:06]} 22. Qg3 {[%emt 0:17:35]} f5 {[%emt 0:03:05]} 23. Nd2 {[%emt 0:00:01]} Rg8 {[%emt 0:00:46]} 24. Qh2 {[%emt 0:00:02]} Bf6 {[%emt 0:01:07]} 25. Rg1 {[%emt 0:01:59]} Rxg1+ {[%emt 0:04:47]} 26. Kxg1 {[%emt 0:00:02]} Rg8+ {[%emt 0:00:09]} 27. Kf1 {[%emt 0:00:01]} Rg6 {[%emt 0:02:01]} 28. h4 {[%emt 0:03:44]} Qg7 {[%emt 0:03:17]} 29. Bxa7 {[%emt 0:00:31]} Bxh4 {[%emt 0:01:03]} 30. Be3 {[%emt 0:00:08]} Bg5 {[%emt 0:06:05]} 31. a6 {[%emt 0:00:06]} bxa6 {[%emt 0:00:03]} 32. Rxa6 {[%emt 0:00:01]} Rh6 {[%emt 0:01:41]} 33. Ra8+ {[%emt 0:01:12]} Bd8 {[%emt 0:00:50]} 34. Qg3 {[%emt 0:00:36]} Rg6 {[%emt 0:03:31]} 35. Qh2 {[%emt 0:00:02]} Rh6 {[%emt 0:03:25]} 36. Qg3 {[%emt 0:00:01]} Rg6 {[%emt 0:00:40]} 37. Qh2 {[%emt 0:00:05]} Rh6 {[%emt 0:00:05]} 1/2-1/2